NFL Draft - Big Ten First Round Picks - Statistics

General Stats
  • This quiz has been taken 22 times
    20 since last reset
  • The average score is 82 of 213
Answer Stats
Draft # Pos. College NFL Player % Correct
2025 3 DE Penn State New York Giants Abdul Carter
95%
2025 14 TE Penn State Indianapolis Colts Tyler Warren
95%
2024 12 QB Oregon Denver Broncos Bo Nix
89%
2025 10 TE Michigan Chicago Bears Colston Loveland
89%
2024 10 QB Michigan Minnesota Vikings JJ McCarthy
89%
2024 4 WR Ohio State Arizona Cardinals Marvin Harrison, Jr.
89%
2024 8 QB Washington Atlanta Falcons Michael Penix
89%
2002 23 LB Northwestern Oakland Raiders Napoleon Harris
89%
2010 13 DE Michigan Philadelphia Eagles Brandon Graham
84%
2025 19 WR Ohio State Tampa Bay Buccaneers Emeka Egbuka
84%
2015 6 DE USC New York Jets Leonard Williams
84%
2025 5 DT Michigan Cleveland Browns Mason Graham
84%
2023 26 DL Michigan Dallas Cowboys Mazi Smith
84%
2005 10 WR USC Detroit Lions Mike Williams
84%
2004 9 WR Washington Jacksonville Jaguars Reggie Williams
84%
2024 9 WR Washington Chicago Bears Rome Odunze
84%
2025 28 DT Ohio State Detroit Lions Tyleik Williams
84%
2011 9 OT USC Dallas Cowboys Tyron Smith
84%
2004 18 DE Ohio State New Orleans Saints Will Smith
84%
2017 18 CB USC Tennessee Titans Adoree' Jackson
79%
2022 2 DE Michigan Detroit Lions Aidan Hutchinson
79%
2020 18 OT USC Miami Dolphins Austin Jackson
79%
2023 2 QB Ohio State Houston Texans CJ Stroud
79%
2025 24 OL Ohio State Minnesota Vikings Donovan Jackson
79%
2023 20 WR Ohio State Seattle Seahawks Jaxon Smith-Njigba
79%
2008 28 DE USC Seattle Seahawks Lawrence Jackson
79%
2005 29 DB Michigan Indianapolis Colts Marlin Jackson
79%
2001 17 G Michigan Seattle Seahawks Steve Hutchinson
79%
2003 17 WR Penn State Arizona Cardinals Bryant Johnson
74%
2020 2 DE Ohio State Washington Football Team Chase Young
74%
2018 4 CB Ohio State Cleveland Browns Denzel Ward
74%
2018 24 WR Maryland Carolina Panthers DJ Moore
74%
2022 10 WR Ohio State New York Jets Garrett Wilson
74%
2021 11 QB Ohio State Chicago Bears Justin Fields
74%
2003 27 RB Penn State Kansas City Chiefs Larry Johnson
74%
2021 12 LB Penn State Dallas Cowboys Micah Parsons
74%
2023 6 OL Ohio State Arizona Cardinals Paris Johnson
74%
2018 2 RB Penn State New York Giants Saquon Barkley
74%
2022 11 WR Ohio State New Orleans Saints Chris Olave
68%
2023 5 DB Illinois Seattle Seahawks Devon Witherspoon
68%
2016 3 DE Ohio State San Diego Chargers Joey Bosa
68%
2018 10 QB UCLA Arizona Cardinals Josh Rosen
68%
2020 6 QB Oregon Los Angeles Chargers Justin Herbert
68%
2025 13 DT Michigan Miami Dolphins Kenneth Grant
68%
2019 2 DE Ohio State San Francisco 49ers Nick Bosa
68%
2019 8 TE Iowa Detroit Lions TJ Hockenson
68%
2020 13 OT Iowa Tampa Bay Buccaneers Tristan Wirfs
68%
2007 32 WR Ohio State Indianapolis Colts Anthony Gonzalez
63%
2024 21 DE Penn State Miami Dolphins Chop Robinson
63%
2023 17 DB Oregon New England Patriots Christian Gonzalez
63%
2025 21 DT Oregon Pittsburgh Steelers Derrick Harmon
63%
2019 15 QB Ohio State Washington Redskins Dwayne Haskins
63%
2016 4 RB Ohio State Dallas Cowboys Ezekiel Elliott
63%
2022 30 DE Purdue Kansas City Chiefs George Karlaftis
63%
2023 18 LB Iowa Detroit Lions Jack Campbell
63%
2022 16 WR Penn State Washington Commanders Jahan Dotson
63%
2011 11 DE Wisconsin Houston Texans JJ Watt
63%
2025 32 OL Ohio State Kansas City Chiefs Josh Simmons
63%
2023 13 DL Iowa Green Bay Packers Lukas Van Ness
63%
2017 11 CB Ohio State New Orleans Saints Marshon Lattimore
63%
2021 27 WR Minnesota Baltimore Ravens Rashod Bateman
63%
2018 3 QB USC New York Jets Sam Darnold
63%
2017 30 OLB Wisconsin Pittsburgh Steelers TJ Watt
63%
2023 24 DB Maryland New York Giants Deonte Banks
58%
2015 2 QB Oregon Tennessee Titans Marcus Mariota
58%
2021 7 OL Oregon Detroit Lions Penei Sewell
58%
2018 12 DT Washington Tampa Bay Buccaneers Vita Vea
58%
2013 26 DE UCLA Green Bay Packers Datone Jones
53%
2022 31 DB Michigan Cincinnati Bengals Daxton Hill
53%
2016 7 DE Oregon San Francisco 49ers DeForest Buckner
53%
2005 18 DE Wisconsin Minnesota Vikings Erasmus Jones
53%
2021 26 DB Northwestern Cleveland Browns Greg Newsome
53%
2020 3 CB Ohio State Detroit Lions Jeff Okudah
53%
2017 9 WR Washington Cincinnati Bengals John Ross
53%
2019 20 TE Iowa Denver Broncos Noah Fant
53%
2021 31 DE Penn State Baltimore Ravens Odafe Oweh
53%
2024 11 OL Penn State New York Jets Olu Fashanu
53%
2019 12 LB Michigan Green Bay Packers Rashan Gary
53%
2021 13 OL Northwestern Los Angeles Chargers Rashawn Slater
53%
2022 21 CB Washington Kansas City Chiefs Trent McDuffie
53%
2024 20 OL Washington Pittsburgh Steelers Troy Fautanu
53%
2022 25 OL Iowa Baltimore Ravens Tyler Linderbaum
53%
2021 14 OL USC New York Jets Alijah Vera-Tucker
47%
2014 9 LB UCLA Minnesota Vikings Anthony Barr
47%
2003 24 TE Iowa Indianapolis Colts Dallas Clark
47%
2019 10 LB Michigan Pittsburgh Steelers Devin Bush
47%
2007 3 OT Wisconsin Cleveland Browns Joe Thomas
47%
2025 29 OL Oregon Washington Commanders Josh Conerly
47%
2022 5 DE Oregon New York Giants Kayvon Thibodeaux
47%
2016 27 DT UCLA Green Bay Packers Kenny Clark
47%
2018 15 OT UCLA Oakland Raiders Kolton Miller
47%
2015 18 CB Washington Kansas City Chiefs Marcus Peters
47%
2015 15 RB Wisconsin San Diego Chargers Melvin Gordon
47%
2023 11 OL Northwestern Tennessee Titans Peter Skoronski
47%
2006 2 RB USC New Orleans Saints Reggie Bush
47%
2002 31 LB UCLA St. Louis Rams Robert Thomas
47%
2010 11 OT Rutgers San Francisco 49ers Anthony Davis
42%
2020 24 C Michigan New Orleans Saints Cesar Ruiz
42%
2000 1 DE Penn State Cleveland Browns Courtney Brown
42%
2016 10 CB Ohio State New York Giants Eli Apple
42%
2021 21 DL Michigan Indianapolis Colts Kwity Paye
42%
2007 5 OT Penn State Arizona Cardinals Levi Brown
42%
2016 16 OT Ohio State Detroit Lions Taylor Decker
42%
2006 6 TE Maryland San Francisco 49ers Vernon Davis
42%
2009 25 DB Illinois Miami Dolphins Vontae Davis
42%
2011 31 DE Ohio State Pittsburgh Steelers Cameron Heyward
37%
2009 26 LB USC Green Bay Packers Clay Matthews
37%
2019 21 S Maryland Green Bay Packers Darnell Savage
37%
2016 8 OT Michigan State Tennessee Titans Jack Conklin
37%
2017 15 S Ohio State Indianapolis Colts Malik Hooker
37%
2018 21 C Ohio State Cincinnati Bengals Billy Price
32%
2003 1 QB USC Cincinnati Bengals Carson Palmer
32%
2020 19 CB Ohio State Las Vegas Raiders Damon Arnette
32%
2017 25 S Michigan Cleveland Browns Jabrill Peppers
32%
2010 2 DT Nebraska Detroit Lions Ndamukong Suh
32%
2014 15 LB Ohio State Pittsburgh Steelers Ryan Shazier
32%
2015 25 OLB Washington Carolina Panthers Shaq Thompson
32%
2017 28 DE Michigan Dallas Cowboys Taco Charlton
32%
2015 17 DT Oregon San Francisco 49ers Arik Armstead
26%
2015 5 OT Iowa Washington Redskins Brandon Scherff
26%
2017 24 CB Ohio State Oakland Raiders Gareon Conley
26%
2011 8 QB Washington Tennessee Titans Jake Locker
26%
2008 1 OT Michigan Miami Dolphins Jake Long
26%
2021 32 OLB Washington Tampa Bay Buccaneers Joe Tryon-Shoyinka
26%
2013 20 G Oregon Chicago Bears Kyle Long
26%
2007 18 DB Michigan Cincinnati Bengals Leon Hall
26%
2009 5 QB USC New York Jets Mark Sanchez
26%
2017 32 OT Wisconsin New Orleans Saints Ryan Ramczyk
26%
2017 26 DE UCLA Atlanta Falcons Takkarist McKinley
26%
2014 11 OT Michigan Tennessee Titans Taylor Lewan
26%
2013 31 C Wisconsin Dallas Cowboys Travis Frederick
26%
2012 30 WR Illinois San Francisco 49ers AJ Jenkins
21%
2005 3 WR Michigan Cleveland Browns Braylon Edwards
21%
2015 12 DT Washington Cleveland Browns Danny Shelton
21%
2009 7 WR Maryland Oakland Raiders Darrius Heyward-Bey
21%
2016 20 OLB Ohio State New York Jets Darron Lee
21%
2013 3 DE Oregon Miami Dolphins Dion Jordan
21%
2009 14 DB Ohio State New Orleans Saints Malcolm Jenkins
21%
2004 29 WR Ohio State Atlanta Falcons Michael Jenkins
21%
2015 20 WR USC Philadelphia Eagles Nelson Agholor
21%
2014 31 DB Ohio State Denver Broncos Bradley Roby
16%
2013 22 DB Washington Atlanta Falcons Desmond Trufant
16%
2010 27 DB Rutgers New England Patriots Devin McCourty
16%
2008 13 RB Oregon Carolina Panthers Jonathan Stewart
16%
2000 16 LB Michigan State San Francisco 49ers Julian Peterson
16%
2009 30 WR Rutgers Tennessee Titans Kenny Britt
16%
2006 10 QB USC Arizona Cardinals Matt Leinart
16%
2006 25 WR Ohio State Pittsburgh Steelers Santonio Holmes
16%
2007 9 WR Ohio State Miami Dolphins Ted Ginn, Jr.
16%
2015 11 CB Michigan State Minnesota Vikings Trae Waynes
16%
2007 13 DE Nebraska St. Louis Rams Adam Carriker
11%
2009 31 RB Ohio State Arizona Cardinals Beanie Wells
11%
2003 2 WR Michigan State Detroit Lions Charles Rogers
11%
2004 26 RB Michigan Cincinnati Bengals Chris Perry
11%
2014 24 DB Michigan State Cincinnati Bengals Darqueze Dennard
11%
2008 30 TE Purdue New York Jets Dustin Keller
11%
2005 23 DB Nebraska Oakland Raiders Fabian Washington
11%
2011 29 OT Wisconsin Chicago Bears Gabe Carimi
11%
2002 3 QB Oregon Detroit Lions Joey Harrington
11%
2012 27 G Wisconsin Cincinnati Bengals Kevin Zeitler
11%
2000 2 LB Penn State Washington Redskins LaVar Arrington
11%
2006 28 TE UCLA Jacksonville Jaguars Marcedes Lewis
11%
2012 4 OT USC Minnesota Vikings Matt Kalil
11%
2012 28 DE USC Green Bay Packers Nick Perry
11%
2004 2 OT Iowa Oakland Raiders Robert Gallery
11%
2000 11 RB Wisconsin New York Giants Ron Dayne
11%
2011 16 DE Purdue Washington Redskins Ryan Kerrigan
11%
2008 6 DE Ohio State New York Jets Vernon Golston
11%
2012 26 DE Illinois Houston Texans Whitney Mercilus
11%
2009 11 DE Penn State Buffalo Bills Aaron Maybin
5%
2011 20 DE Iowa Tampa Bay Buccaneers Adrian Clayborn
5%
2006 5 LB USC Green Bay Packers AJ Hawk
5%
2009 15 LB USC Houston Texans Brian Cushing
5%
2010 23 OT Iowa Green Bay Packers Bryan Bulaga
5%
2004 28 DB Ohio State Carolina Panthers Chris Gamble
5%
2011 18 DT Illinois San Diego Chargers Corey Liuget
5%
2001 8 WR Michigan Chicago Bears David Terrell
5%
2010 28 DE Penn State Miami Dolphins Jared Odrick
5%
2008 9 LB USC Cincinnati Bengals Keith Rivers
5%
2003 14 DE Penn State Chicago Bears Michael Haynes
5%
2006 29 C Ohio State New York Jets Nick Mangold
5%
2000 8 WR Michigan State Pittsburgh Steelers Plaxico Burress
5%
2011 19 DB Nebraska New York Giants Prince Amukamara
5%
2008 23 RB Illinois Pittsburgh Steelers Rashard Mendenhall
5%
2012 23 OT Iowa Detroit Lions Riley Reiff
5%
2000 29 WR USC Jacksonville Jaguars R. Jay Soward
5%
2008 21 OT USC Atlanta Falcons Sam Baker
5%
2008 7 DT USC New Orleans Saints Sedrick Ellis
5%
2006 20 DE Penn State Kansas City Chiefs Tamba Hali
5%
2002 18 RB Michigan State Atlanta Falcons TJ Duckett
5%
2002 12 DT Wisconsin Arizona Cardinals Wendell Bryant
5%
2000 24 DB Ohio State San Francisco 49ers Ahmed Plummer
0%
2007 26 DE Purdue Dallas Cowboys Anthony Spencer
0%
2006 18 LB Ohio State Dallas Cowboys Bobby Carpenter
0%
2006 17 LB Iowa Minnesota Vikings Chad Greenway
0%
2000 22 OT Wisconsin Seattle Seahawks Chris McIntosh
0%
2006 8 DB Ohio State Buffalo Bills Donte Whitner
0%
2001 25 WR UCLA Philadelphia Eagles Freddie Mitchell
0%
2006 12 DT Oregon Baltimore Ravens Haloti Ngata
0%
2001 26 DB Wisconsin Miami Dolphins Jamar Fletcher
0%
2001 18 OT Michigan Detroit Lions Jeff Backus
0%
2002 28 TE Washington Seattle Seahawks Jerramy Stevens
0%
2003 12 DT Penn State St. Louis Rams Jimmy Kennedy
0%
2004 20 DE USC Minnesota Vikings Kenechi Udeze
0%
2006 21 RB Minnesota New England Patriots Lawrence Maroney
0%
2004 13 WR Wisconsin Buffalo Bills Lee Evans
0%
2005 28 DE Northwestern San Diego Chargers Luis Castillo
0%
2001 27 RB Wisconsin Minnesota Vikings Michael Bennett
0%
2005 31 DT USC Philadelphia Eagles Mike Patterson
0%
2001 21 DB Ohio State Buffalo Bills Nate Clements
0%
2001 29 DT Ohio State St. Louis Rams Ryan Pickett
0%
2005 12 LB Maryland San Diego Chargers Shawne Merriman
0%
2003 16 DB USC Pittsburgh Steelers Troy Polamalu
0%
No matching quizzes found
Score Distribution
Percent of People with Each Score
Percentile by Number Answered
Your Score History
You have not taken this quiz since the last reset